Правильные переводы названий иностранных фильмов - Армагеддон - Statistics

General Stats
  • This quiz has been taken 28 times
    27 since last reset
  • The average score is 2 of 18
Answers on the Grid
Answers color-coded by a green-red scale on the quiz's grid according to % correct below.
Весь этот джаз (1979)
Один дома (1990)
Конченая (2018)
Американцы (1992)
Чужие среди нас (1988)
Люди в чёрном (1997)
Самый пьяный округ в мире (2012)
Папаши (1983)
Игры патриотов (1992)
Невезучие (1981)
1+1 (2011)
Дом у дороги (1989)
Кровью и потом: Анаболики (2013)
Общество мёртвых поэтов (1989)
Меняющие реальность (2011)
Реальные упыри (2014)
Плутовство (1997)
Третий лишний (2012)
12 раундов (2009)
Суперсемейка (2004)
Рок-звезда (2001)
Субстанция (2024)
Под покровом ночи (2016)
Убойные каникулы (2010)
Матрица времени (2017)
В джазе только девушки (1959)
Пассажиры (2016)
Армагеддец (2013)
Крысиные бега (2001)
Полный расколбас (2016)
Бешеные псы (1992)
Власть (2018)
Преисподняя (2016)
Паразиты (2019)
Поменяться местами (1983)
Разрушитель (1993)
Лучше не бывает (1997)
Власть пса (2021)
Ворон (1994)
Телекинез (2013)
Нью-Йорк, Нью-Йорк (2008)
Рок-волна (2009)
Танцы с волками (1990)
Правдивая ложь (1994)
Жизнь Адель (2013)
 
Answer Stats
Answer % Correct
Один дома (1990)
65%
Люди в чёрном (1997)
53%
Субстанция (2024)
18%
Весь этот джаз (1979)
12%
Рок-звезда (2001)
12%
Пассажиры (2016)
12%
Паразиты (2019)
12%
Дом у дороги (1989)
6%
Общество мёртвых поэтов (1989)
6%
Папаши (1983)
0%
Танцы с волками (1990)
0%
Игры патриотов (1992)
0%
Разрушитель (1993)
0%
Правдивая ложь (1994)
0%
Лучше не бывает (1997)
0%
Крысиные бега (2001)
0%
Жизнь Адель (2013)
0%
Власть пса (2021)
0%
No matching quizzes found
Score Distribution
Percent of People with Each Score
Percentile by Number Answered
Your Score History
You have not taken this quiz since the last reset